[Event "RUS-ch Rapid (Women)"]
[Site "Sochi"]
[Date "2023.10.15"]
[Round "1"]
[White "Drozdova, Dina"]
[Black "Darmaeva, Nomina"]
[Result "1/2-1/2"]
[WhiteElo "2158"]
[BlackElo "1903"]
[PlyCount "77"]
[EventDate "2023.10.15"]
[EventType "swiss (rapid)"]
[EventRounds "11"]
[EventCountry "RUS"]
[SourceTitle "Mega2024 Update 01"]
[Source "Chessbase"]
[SourceDate "2023.11.12"]
[SourceVersion "1"]
[SourceVersionDate "2023.11.12"]
[SourceQuality "1"]

1. d4 d5 2. c4 dxc4 3. e3 e6 4. Bxc4 Nf6 5. Nf3 c5 6. 0-0 a6 7. Qe2 Nbd7 8. Rd1 Be7 9. a4 b6 10. Nc3 Bb7 11. e4 cxd4 12. Nxd4 Qc7 13. Bg5 h6 14. Bh4 Bc5 15. Bg3 e5 16. Nf5 g6 17. Nh4 Kf8 18. Rac1 Kg7 19. Nd5 Bxd5 20. Bxd5 Nxd5 21. exd5 Qd6 22. Nf3 Rhe8 23. Qc4 Qf6 24. Nd2 Rec8 25. Qe2 Bd4 26. Ne4 Qe7 27. Rc6 Rxc6 28. dxc6 Nc5 29. Nxc5 Qxc5 30. b4 Qxc6 31. Bxe5+ Bxe5 32. Qxe5+ Kg8 33. a5 Re8 34. Qd4 bxa5 35. bxa5 Qb5 36. Qd2 Kh7 37. h3 Re5 38. Ra1 Qe2 39. Qxe2 1/2-1/2

[Event "RUS-ch Blitz (Women)"]
[Site "Sochi"]
[Date "2023.10.14"]
[Round "2"]
[White "Drozdova, Dina"]
[Black "Komissarova, Soigina"]
[Result "0-1"]
[WhiteElo "2158"]
[BlackElo "1859"]
[PlyCount "94"]
[EventDate "2023.10.14"]
[EventType "swiss (blitz)"]
[EventRounds "13"]
[EventCountry "RUS"]
[SourceTitle "Mega2024 Update 01"]
[Source "Chessbase"]
[SourceDate "2023.11.12"]
[SourceVersion "1"]
[SourceVersionDate "2023.11.12"]
[SourceQuality "1"]

1. d4 d5 2. c4 e6 3. Nc3 Nf6 4. cxd5 exd5 5. Bg5 c6 6. e3 Be7 7. Bd3 h6 8. Bh4 Ne4 9. Bg3 Nxg3 10. hxg3 Nd7 11. Nf3 Bd6 12. Qc2 b5 13. Rc1 Bb7 14. 0-0 0-0 15. a4 b4 16. Ne2 Qe7 17. Nh4 Bc7 18. Qd2 a5 19. Nf3 Rac8 20. Nf4 Nf6 21. Bf5 Rcd8 22. Qc2 Ne4 23. Bxe4 dxe4 24. Nd2 Rfe8 25. Nb3 Bb6 26. Nc5 g5 27. Ne2 Bxc5 28. Qxc5 Ba6 29. Qxe7 Rxe7 30. Rfe1 Rc7 31. Rc5 Rd5 32. Rxd5 cxd5 33. Rc1 Rc4 34. g4 Kf8 35. b3 Rxc1+ 36. Nxc1 Ke7 37. f3 Kd6 38. Kf2 Ke6 39. Kg3 f5 40. gxf5+ Kxf5 41. Kf2 exf3 42. Kxf3 h5 43. Kf2 Ke4 44. Ke1 h4 45. Kd2 Bf1 46. Ne2 Bxg2 47. Ng1 h3 0-1

[Event "Titled Tuesday intern op 31st Jan Early"]
[Site "Chess.com INT"]
[Date "2023.01.31"]
[Round "10"]
[White "Drozdova, Dina"]
[Black "Gurevich, Dmitry"]
[Result "1-0"]
[WhiteElo "2178"]
[BlackElo "2393"]
[PlyCount "109"]
[EventDate "2023.01.31"]
[EventType "swiss (blitz)"]
[EventRounds "11"]
[EventCountry "USA"]
[SourceTitle "CBM 212 Extra"]
[Source "ChessBase"]
[SourceDate "2023.03.31"]
[SourceVersion "1"]
[SourceVersionDate "2023.03.31"]
[SourceQuality "1"]

1. d4 Nf6 2. c4 a6 3. Nf3 c5 4. dxc5 e6 5. g3 Bxc5 6. Bg2 0-0 7. 0-0 b5 8. Ne5 Ra7 9. Bg5 h6 10. Bxf6 Qxf6 11. Nd3 Bd4 12. Nd2 bxc4 13. Nxc4 d5 14. Nd2 Nc6 15. Rb1 Bd7 16. e4 dxe4 17. Nxe4 Qe7 18. Nf4 Be5 19. Nd3 Bd4 20. Qh5 f5 21. Nd2 e5 22. Nc4 e4 23. Nf4 Be8 24. Qe2 Ne5 25. Rfd1 Bc5 26. Nxe5 Qxe5 27. Rd5 Qe7 28. Qc4 Bf7 29. Qxc5 Bxd5 30. Qxd5+ Qf7 31. Qxf7+ Kxf7 32. Bf1 Rc8 33. b3 Kf6 34. Bc4 g5 35. Nd5+ Ke5 36. Ne3 Rd8 37. Re1 f4 38. Ng4+ Kf5 39. Nxh6+ Kg6 40. Ng4 Kf5 41. Nh6+ Kg6 42. Ng4 Kf5 43. h3 e3 44. fxe3 f3 45. Kf2 Ke4 46. Nf6+ Kf5 47. Nd5 Ke4 48. Nc3+ Ke5 49. Kxf3 Rh7 50. Kg4 Rdh8 51. Rf1 Rxh3 52. Rf5+ Kd6 53. Ne4+ Kc6 54. Nxg5 Rh2 55. a4 1-0

[Event "Wch Blitz (Women)"]
[Site "St Petersburg"]
[Date "2018.12.30"]
[Round "10"]
[White "Paehtz, Elisabeth"]
[Black "Drozdova, Dina"]
[Result "1/2-1/2"]
[WhiteElo "2487"]
[BlackElo "2178"]
[PlyCount "96"]
[EventDate "2018.12.29"]
[EventType "swiss (blitz)"]
[EventRounds "17"]
[EventCountry "RUS"]
[SourceTitle "CBM 187 Extra"]
[Source "ChessBase"]
[SourceDate "2018.11.04"]
[SourceVersion "1"]
[SourceVersionDate "2018.11.04"]
[SourceQuality "1"]

1. e4 d6 2. d4 Nf6 3. Nc3 e5 4. Nf3 Nbd7 5. g4 Nxg4 6. Rg1 exd4 7. Qxd4 Nde5 8. Be2 Nxf3+ 9. Bxf3 Ne5 10. Be2 c6 11. Be3 Bd7 12. 0-0-0 Qc7 13. f4 Ng6 14. h4 h5 15. Rg5 Bg4 16. Bxg4 hxg4 17. h5 Ne7 18. Qc4 f6 19. Rxg4 Rxh5 20. f5 0-0-0 21. Bxa7 b5 22. Qe6+ Kb7 23. Be3 Nc8 24. Kb1 Nb6 25. b3 Nd7 26. Bc1 Ne5 27. Rg2 Qd7 28. Qxd7+ Rxd7 29. Ne2 Rh4 30. Nf4 Kb6 31. Ne6 Be7 32. Re1 Nf3 33. Re3 Ng5 34. Nxg5 fxg5 35. Re1 Bf6 36. Bxg5 Re7 37. Bxf6 gxf6 38. Rge2 Kc5 39. c3 Rh3 40. Kc2 Rg7 41. Rd2 Rgg3 42. b4+ Kb6 43. Rxd6 Rxc3+ 44. Kb2 Rc4 45. a3 Rh2+ 46. Kb3 Rh3+ 47. Kb2 Rh2+ 48. Kb3 Rh3+ 1/2-1/2

[Event "Wch Blitz (Women)"]
[Site "St Petersburg"]
[Date "2018.12.29"]
[Round "6"]
[White "Drozdova, Dina"]
[Black "Ambartsumova, Karina"]
[Result "1/2-1/2"]
[WhiteElo "2178"]
[BlackElo "2383"]
[PlyCount "95"]
[EventDate "2018.12.29"]
[EventType "swiss (blitz)"]
[EventRounds "17"]
[EventCountry "RUS"]
[SourceTitle "CBM 187 Extra"]
[Source "ChessBase"]
[SourceDate "2018.11.04"]
[SourceVersion "1"]
[SourceVersionDate "2018.11.04"]
[SourceQuality "1"]

1. d4 Nf6 2. c4 g6 3. Nc3 Bg7 4. e4 d6 5. Nf3 0-0 6. h3 e5 7. d5 a5 8. Be3 Na6 9. Nd2 Nd7 10. g4 Nac5 11. Qf3 Nb6 12. Qg2 Bd7 13. h4 h6 14. Be2 c6 15. h5 g5 16. 0-0 Qe7 17. Rfc1 Rac8 18. f3 cxd5 19. cxd5 Rc7 20. Nb5 Bxb5 21. Bxb5 Rfc8 22. b3 Nbd7 23. Qf1 Bf8 24. Nc4 Ra8 25. Rc2 Qd8 26. Rac1 Na6 27. Bxd7 Rxd7 28. Nb6 Rb8 29. Nxd7 Qxd7 30. a3 Nc5 31. Bxc5 dxc5 32. a4 Bd6 33. Qb5 Qd8 34. Kg2 b6 35. Qc4 Qe7 36. Qb5 Qd8 37. Kf2 Qe7 38. Ke2 Qf6 39. Kf2 Qf4 40. Kg2 Qf6 41. Qc4 Qe7 42. Qb5 Qf6 43. Qc4 Qe7 44. Qa6 Qf6 45. Qc4 Qe7 46. Qd3 Qf6 47. Qe2 Qe7 48. Qd3 1/2-1/2

[Event "Wch Blitz (Women)"]
[Site "St Petersburg"]
[Date "2018.12.29"]
[Round "5"]
[White "Zhao, Xue"]
[Black "Drozdova, Dina"]
[Result "1-0"]
[WhiteElo "2485"]
[BlackElo "2178"]
[PlyCount "41"]
[EventDate "2018.12.29"]
[EventType "swiss (blitz)"]
[EventRounds "17"]
[EventCountry "RUS"]
[SourceTitle "CBM 187 Extra"]
[Source "ChessBase"]
[SourceDate "2018.11.04"]
[SourceVersion "1"]
[SourceVersionDate "2018.11.04"]
[SourceQuality "1"]

1. Nf3 Nf6 2. c4 c5 3. e3 e6 4. Nc3 b6 5. b3 Bb7 6. Bb2 Be7 7. Be2 d6 8. 0-0 0-0 9. d4 cxd4 10. exd4 Nbd7 11. Re1 Re8 12. Bd3 Bf8 13. Rc1 e5 14. Bf5 g6 15. Bh3 Bg7 16. dxe5 dxe5 17. Nb5 e4 18. Nd6 exf3 19. Nxe8 fxg2 20. Nxg7 Kxg7 21. Qxd7 1-0

[Event "Wch Rapid (Women)"]
[Site "St Petersburg"]
[Date "2018.12.28"]
[Round "10"]
[White "Atalik, Ekaterina"]
[Black "Drozdova, Dina"]
[Result "0-1"]
[WhiteElo "2447"]
[BlackElo "2178"]
[PlyCount "106"]
[EventDate "2018.12.26"]
[EventType "swiss (rapid)"]
[EventRounds "12"]
[EventCountry "RUS"]
[SourceTitle "CBM 187 Extra"]
[Source "ChessBase"]
[SourceDate "2018.11.04"]
[SourceVersion "1"]
[SourceVersionDate "2018.11.04"]
[SourceQuality "1"]

1. Nf3 Nf6 2. c4 c5 3. e3 e6 4. d4 cxd4 5. Nxd4 Bb4+ 6. Bd2 Be7 7. Nc3 0-0 8. Be2 Nc6 9. 0-0 a6 10. Rc1 d6 11. Nxc6 bxc6 12. e4 e5 13. Be3 Be6 14. Qd2 Nd7 15. b3 Qb8 16. Rfd1 Rd8 17. h3 Nf6 18. Bf3 Qb7 19. g4 Nd7 20. Bg2 Nf8 21. Ne2 Ng6 22. Ng3 Bf8 23. Nf5 a5 24. c5 d5 25. exd5 Bxd5 26. Qe2 Bxg2 27. Kxg2 a4 28. Rxd8 Rxd8 29. Qc4 axb3 30. axb3 Qd7 31. b4 h5 32. Qe4 hxg4 33. hxg4 Ne7 34. Nxe7+ Bxe7 35. Rh1 g6 36. g5 Bf8 37. Qxe5 Qg4+ 38. Qg3 Qxb4 39. Qf3 Qa4 40. Rb1 Rd5 41. Rb6 Rf5 42. Qxc6 Qg4+ 43. Kh2 Rf3 44. Qxf3 Qxf3 45. Rb8 Qe4 46. Rd8 Qe7 47. Rd5 Bg7 48. Kg1 Qc7 49. Rd1 Be5 50. Rd5 Bf4 51. Bd4 f5 52. gxf6 Kf7 53. Kf1 Ke6 0-1

[Event "Wch Rapid (Women)"]
[Site "St Petersburg"]
[Date "2018.12.26"]
[Round "4"]
[White "Mamedjarova, Zeinab"]
[Black "Drozdova, Dina"]
[Result "1-0"]
[WhiteElo "2338"]
[BlackElo "2178"]
[PlyCount "81"]
[EventDate "2018.12.26"]
[EventType "swiss (rapid)"]
[EventRounds "12"]
[EventCountry "RUS"]
[SourceTitle "CBM 187 Extra"]
[Source "ChessBase"]
[SourceDate "2018.11.04"]
[SourceVersion "1"]
[SourceVersionDate "2018.11.04"]
[SourceQuality "1"]

1. d4 Nf6 2. Nf3 e6 3. e3 b6 4. Bd3 Bb7 5. Nbd2 c5 6. 0-0 Be7 7. c4 d6 8. b3 cxd4 9. exd4 0-0 10. Bb2 Nbd7 11. Re1 Re8 12. a4 Bf8 13. a5 Qc7 14. Rc1 Qd8 15. axb6 axb6 16. Bb1 Rc8 17. Nf1 Rc7 18. Ng3 Qa8 19. Re3 Rec8 20. Qe2 b5 21. Bd3 bxc4 22. bxc4 Re8 23. h3 g6 24. Ra1 Qc8 25. Ng5 Ba6 26. Rc1 h6 27. Nxe6 Rxe6 28. Rxe6 fxe6 29. Bxg6 Nb6 30. Qf3 Rxc4 31. Rxc4 Nxc4 32. Qxf6 Bg7 33. Qf7+ Kh8 34. Bc3 Qf8 35. Qxe6 Bb5 36. Nh5 Nb6 37. Nxg7 Qxg7 38. Qxd6 Nd7 39. Bf5 Nf8 40. Qc5 Bd7 41. d5 1-0

[Event "RUS-chT rapid (Women)"]
[Site "Sochi"]
[Date "2018.10.08"]
[Round "3.3"]
[White "Drozdova, Dina"]
[Black "Kovalevskaya, Ekaterina"]
[Result "1-0"]
[WhiteElo "2183"]
[BlackElo "2403"]
[PlyCount "115"]
[EventDate "2018.10.08"]
[EventType "team-tourn (rapid)"]
[EventRounds "9"]
[EventCountry "RUS"]
[SourceTitle "CBM 186 Extra"]
[Source "ChessBase"]
[SourceDate "2018.08.24"]
[SourceVersion "1"]
[SourceVersionDate "2018.08.24"]
[SourceQuality "1"]
[WhiteTeam "Karpov Chess School (W)"]
[BlackTeam "Moscow Legacy Square (W)"]
[WhiteTeamCountry "RUS"]
[BlackTeamCountry "RUS"]

1. Nf3 Nf6 2. g3 d5 3. Bg2 g6 4. d3 Bg7 5. 0-0 0-0 6. Nbd2 Nc6 7. e4 e5 8. Re1 Re8 9. c3 h6 10. Qc2 Be6 11. b4 a6 12. Bb2 Qd7 13. Nb3 b6 14. a4 Bh3 15. b5 Bxg2 16. Kxg2 Nd8 17. c4 d4 18. Bc1 Nh5 19. h3 Ne6 20. Bd2 c5 21. bxc6 Qxc6 22. Qc1 Kh7 23. Qd1 Nc5 24. Nxc5 bxc5 25. Rb1 Nf6 26. Ba5 Nd7 27. Qc2 Rab8 28. Nd2 Bf8 29. h4 Bd6 30. h5 g5 31. Nf1 f5 32. f3 Rxb1 33. Rxb1 fxe4 34. fxe4 Rf8 35. Nh2 Bc7 36. Be1 Rb8 37. Rxb8 Bxb8 38. Ng4 Qe6 39. Qe2 Kg7 40. Qf3 Bc7 41. Bd2 Bd8 42. Qf5 Qxf5 43. exf5 Nf6 44. Nxe5 Nxh5 45. Nd7 Bc7 46. g4 Nf6 47. Nxc5 Nxg4 48. Ne6+ Kf6 49. Nxc7 Kxf5 50. Nxa6 Ne5 51. Nc5 h5 52. a5 h4 53. a6 Nc6 54. Nb3 Kg4 55. Nxd4 h3+ 56. Kh1 Na7 57. Ne6 Kf3 58. Bxg5 1-0

[Event "RUS-ch rapid (Women)"]
[Site "Sochi"]
[Date "2018.10.05"]
[Round "5.12"]
[White "Drozdova, Dina"]
[Black "Vifleemskaia, Svetlana"]
[Result "1-0"]
[WhiteElo "2183"]
[BlackElo "2030"]
[PlyCount "111"]
[EventDate "2018.10.05"]
[EventType "swiss (rapid)"]
[EventRounds "11"]
[EventCountry "RUS"]
[SourceTitle "CBM 186 Extra"]
[Source "ChessBase"]
[SourceDate "2018.08.24"]
[SourceVersion "1"]
[SourceVersionDate "2018.08.24"]
[SourceQuality "1"]

1. d4 Nc6 2. Nf3 d5 3. g3 Bg4 4. Bg2 Qd7 5. h3 Bf5 6. c3 f6 7. Nh4 Be6 8. Nd2 Bf7 9. b4 a6 10. Nb3 e5 11. Nf3 e4 12. Nh2 Bd6 13. a4 f5 14. Nf1 Nf6 15. Bf4 0-0 16. Qd2 b6 17. Ne3 Ne7 18. a5 Nh5 19. Nc2 Nf6 20. Bxd6 Qxd6 21. e3 Nd7 22. Bf1 b5 23. Be2 g5 24. 0-0-0 Kg7 25. Kb2 Ng6 26. Rdg1 h6 27. Bh5 Ne7 28. Bd1 Ng6 29. Ne1 Rh8 30. Ng2 Qf6 31. Ne1 Qd6 32. Bc2 Be6 33. Bd1 Raf8 34. Nc1 Kf7 35. Bh5 Kg7 36. Bxg6 Kxg6 37. h4 Kf6 38. hxg5+ hxg5 39. Nc2 Ke7 40. Qd1 g4 41. Rxh8 Rxh8 42. Rh1 Rxh1 43. Qxh1 Bf7 44. Ne2 Qf6 45. Nf4 c6 46. Na1 Kd6 47. Nb3 Kc7 48. Nc5 Nxc5 49. bxc5 Kd7 50. Kb3 Ke7 51. Qh7 Kf8 52. Kb4 Ke7 53. Ng2 Ke6 54. Nh4 Be8 55. Qc7 Qf7 56. Qd6# 1-0

[Event "RUS-ch rapid (Women)"]
[Site "Sochi"]
[Date "2018.10.05"]
[Round "4.5"]
[White "Styazhkina, Anna"]
[Black "Drozdova, Dina"]
[Result "1-0"]
[WhiteElo "2268"]
[BlackElo "2183"]
[PlyCount "93"]
[EventDate "2018.10.05"]
[EventType "swiss (rapid)"]
[EventRounds "11"]
[EventCountry "RUS"]
[SourceTitle "CBM 186 Extra"]
[Source "ChessBase"]
[SourceDate "2018.08.24"]
[SourceVersion "1"]
[SourceVersionDate "2018.08.24"]
[SourceQuality "1"]

1. e4 d6 2. d4 Nf6 3. Nc3 e5 4. Nge2 c6 5. a4 Be7 6. h3 Nbd7 7. g4 Nf8 8. Bg2 Ng6 9. Qd3 Nd7 10. f4 Bh4+ 11. Kd1 exf4 12. Nxf4 0-0 13. Nce2 c5 14. c3 cxd4 15. cxd4 a5 16. Nc3 Nb6 17. Be3 Be6 18. d5 Bd7 19. Nxg6 hxg6 20. Qd4 Nc8 21. Rc1 Bf6 22. Qc4 Bxc3 23. Qxc3 Bxa4+ 24. b3 Bb5 25. Bd4 f6 26. h4 a4 27. h5 g5 28. h6 axb3 29. hxg7 Kxg7 30. Qh3 Rg8 31. Qh7+ Kf8 32. Rc7 Ne7 33. Rxb7 b2 34. Bxb2 Bd7 35. Bxf6 Bxg4+ 36. Ke1 Qa5+ 37. Kf1 Qa6+ 38. Kg1 Qxb7 39. Kh2 Be2 40. Rb1 Qd7 41. Rb2 Bg4 42. Rf2 Bf5 43. Rxf5 Ke8 44. Bxe7 Qxe7 45. Qxg8+ Kd7 46. Qxa8 Qh7+ 47. Kg1 1-0

[Event "Moscow-chT"]
[Site "Moscow"]
[Date "2018.09.22"]
[Round "2.3"]
[White "Drozdova, Dina"]
[Black "Kukhmazov, Arsen"]
[Result "0-1"]
[WhiteElo "2183"]
[BlackElo "2395"]
[PlyCount "100"]
[EventDate "2018.09.20"]
[EventType "team-swiss"]
[EventRounds "7"]
[EventCountry "RUS"]
[SourceTitle "CBM 186 Extra"]
[Source "ChessBase"]
[SourceDate "2018.08.24"]
[SourceVersion "1"]
[SourceVersionDate "2018.08.24"]
[SourceQuality "1"]
[WhiteTeam "MGU (W)"]
[BlackTeam "MGU"]
[WhiteTeamCountry "RUS"]
[BlackTeamCountry "RUS"]

1. d4 Nf6 2. c4 e6 3. Nf3 b6 4. g3 Bb7 5. Bg2 Be7 6. 0-0 0-0 7. Nc3 Ne4 8. Nxe4 Bxe4 9. b3 d5 10. Bb2 Nd7 11. Rc1 a5 12. cxd5 exd5 13. Ne5 Nxe5 14. Bxe4 dxe4 15. dxe5 e3 16. f4 Bc5 17. Qc2 Qd2 18. Bc3 Qxc2 19. Rxc2 Rfd8 20. Kg2 Rd5 21. Kf3 Rad8 22. g4 Kf8 23. h4 g6 24. Rh1 Ke7 25. h5 gxh5 26. gxh5 Rg8 27. Rcc1 h6 28. Rhg1 Rgd8 29. Rc2 Kf8 30. Ke4 R8d7 31. Kf3 Be7 32. Re1 Bc5 33. Rg1 Ba3 34. Rf1 Rc5 35. Kxe3 b5 36. e6 fxe6 37. Rg1 b4 38. Bg7+ Rxg7 39. Rxg7 Rxc2 40. Rh7 Bc1+ 41. Kf3 Rxa2 42. Rxc7 Bb2 43. Rc2 a4 44. bxa4 Ra3+ 45. Kg4 Bc3 46. e4 Rxa4 47. f5 exf5+ 48. Kxf5 Ra5+ 49. Kg6 Rb5 50. Rf2+ Ke7 0-1

[Event "Moscow Blondes-Brunettes m 8th"]
[Site "Moscow"]
[Date "2018.03.04"]
[Round "2.8"]
[White "Assaubayeva, Bibissara"]
[Black "Drozdova, Dina"]
[Result "1-0"]
[WhiteElo "2369"]
[BlackElo "2202"]
[PlyCount "94"]
[EventDate "2018.03.04"]
[EventType "schev (blitz)"]
[EventRounds "8"]
[EventCountry "RUS"]
[SourceTitle "CBM 183 Extra"]
[Source "ChessBase"]
[SourceDate "2018.04.19"]
[SourceVersion "1"]
[SourceVersionDate "2018.04.19"]
[SourceQuality "1"]
[WhiteTeam "Brunettes"]
[BlackTeam "Blondes"]
[WhiteTeamCountry "RUS"]
[BlackTeamCountry "RUS"]

1. d4 d6 2. Nf3 Nf6 3. c4 Nbd7 4. Nc3 e5 5. e4 Be7 6. Be2 0-0 7. 0-0 c6 8. d5 Re8 9. Re1 Nf8 10. dxc6 bxc6 11. c5 Ne6 12. cxd6 Bxd6 13. b3 Nd4 14. Bb2 c5 15. h3 Bb7 16. Bc4 h6 17. a3 Rc8 18. Nd2 Qe7 19. Nb5 a6 20. Nxd6 Qxd6 21. b4 cxb4 22. axb4 Qxb4 23. Bxd4 exd4 24. Bxa6 Bxa6 25. Rxa6 d3 26. e5 Nd5 27. Nf3 Qc4 28. Rd6 Nb4 29. Qd2 Qc3 30. Rd1 Qxd2 31. Rxd2 Rc2 32. Rd4 Rb8 33. Rd1 Rc3 34. Ne1 Nc2 35. R4xd3 Rxd3 36. Nxd3 Re8 37. Kf1 Nd4 38. Re1 Nf5 39. Re4 g6 40. Ke2 h5 41. g4 hxg4 42. hxg4 Nd6 43. Re3 Nc4 44. Re4 Nd6 45. Rd4 Nb5 46. Rc4 Nd6 47. Rc6 Nb5 1-0

[Event "Moscow Blondes-Brunettes m 8th"]
[Site "Moscow"]
[Date "2018.03.04"]
[Round "3.8"]
[White "Drozdova, Dina"]
[Black "Ambartsumova, Karina"]
[Result "0-1"]
[WhiteElo "2202"]
[BlackElo "2374"]
[PlyCount "72"]
[EventDate "2018.03.04"]
[EventType "schev (blitz)"]
[EventRounds "8"]
[EventCountry "RUS"]
[SourceTitle "CBM 183 Extra"]
[Source "ChessBase"]
[SourceDate "2018.04.19"]
[SourceVersion "1"]
[SourceVersionDate "2018.04.19"]
[SourceQuality "1"]
[WhiteTeam "Blondes"]
[BlackTeam "Brunettes"]
[WhiteTeamCountry "RUS"]
[BlackTeamCountry "RUS"]

1. d4 Nf6 2. c4 g6 3. Nc3 Bg7 4. e4 d6 5. Nf3 0-0 6. h3 c6 7. Be3 a6 8. Be2 b5 9. Qc2 Nbd7 10. Rd1 Qc7 11. c5 b4 12. Na4 a5 13. 0-0 dxc5 14. dxc5 Nh5 15. Rfe1 Ba6 16. Bxa6 Rxa6 17. Nb6 Ne5 18. Nxe5 Qxe5 19. Nd7 Qxb2 20. Qxb2 Bxb2 21. Nxf8 Kxf8 22. Rd8+ Kg7 23. Rd7 a4 24. Rb1 Bc3 25. Bd4+ Nf6 26. Bxf6+ Kxf6 27. f4 b3 28. axb3 a3 29. Rdd1 a2 30. Ra1 e5 31. g3 exf4 32. gxf4 g5 33. fxg5+ Kxg5 34. Kg2 Bxa1 35. Rxa1 Kf4 36. b4 Kxe4 0-1

[Event "Moscow Blondes-Brunettes m 8th"]
[Site "Moscow"]
[Date "2018.03.04"]
[Round "7.8"]
[White "Drozdova, Dina"]
[Black "Voit, Daria"]
[Result "0-1"]
[WhiteElo "2202"]
[BlackElo "2382"]
[PlyCount "100"]
[EventDate "2018.03.04"]
[EventType "schev (blitz)"]
[EventRounds "8"]
[EventCountry "RUS"]
[SourceTitle "CBM 183 Extra"]
[Source "ChessBase"]
[SourceDate "2018.04.19"]
[SourceVersion "1"]
[SourceVersionDate "2018.04.19"]
[SourceQuality "1"]
[WhiteTeam "Blondes"]
[BlackTeam "Brunettes"]
[WhiteTeamCountry "RUS"]
[BlackTeamCountry "RUS"]

1. d4 Nf6 2. c4 e6 3. Nf3 Bb4+ 4. Bd2 c5 5. g3 0-0 6. Bg2 Nc6 7. dxc5 Bxc5 8. 0-0 Qc7 9. Nc3 a6 10. a3 b6 11. Bf4 e5 12. Bg5 Ne8 13. Nd5 Qb8 14. b4 Bd6 15. Be3 Bc7 16. Nxc7 Nxc7 17. Rc1 b5 18. Bc5 Re8 19. Bd6 Bb7 20. c5 Qc8 21. e3 a5 22. Rb1 axb4 23. axb4 h6 24. Nd2 Re6 25. Ne4 Nd8 26. Nc3 Bxg2 27. Kxg2 Qb7+ 28. Qf3 e4 29. Qe2 Na6 30. Rfd1 Nc6 31. Nd5 Rae8 32. Rd2 Rd8 33. Ra2 Ra8 34. Qd2 Ree8 35. Nb6 Ra7 36. Rab2 Nab8 37. Ra2 Rxa2 38. Qxa2 Na6 39. Qa3 Re6 40. Rb2 Rxd6 41. cxd6 Qxb6 42. Ra2 Naxb4 43. Qa8+ Kh7 44. Rd2 Nd3 45. Qe8 Nce5 46. Qe7 Qc5 47. Ra2 Qc1 48. Ra8 Ne1+ 49. Kh3 N1f3 50. Qf8 Qf1# 0-1

[Event "Moscow Blondes-Brunettes m 8th"]
[Site "Moscow"]
[Date "2018.03.04"]
[Round "4.8"]
[White "Mirzoeva, Elmira"]
[Black "Drozdova, Dina"]
[Result "1/2-1/2"]
[WhiteElo "2262"]
[BlackElo "2202"]
[PlyCount "86"]
[EventDate "2018.03.04"]
[EventType "schev (blitz)"]
[EventRounds "8"]
[EventCountry "RUS"]
[SourceTitle "CBM 183 Extra"]
[Source "ChessBase"]
[SourceDate "2018.04.19"]
[SourceVersion "1"]
[SourceVersionDate "2018.04.19"]
[SourceQuality "1"]
[WhiteTeam "Brunettes"]
[BlackTeam "Blondes"]
[WhiteTeamCountry "RUS"]
[BlackTeamCountry "RUS"]

1. Nf3 Nf6 2. c4 c5 3. Nc3 Nc6 4. e3 e6 5. d4 cxd4 6. exd4 d5 7. c5 Be7 8. Rb1 Ne4 9. Bd3 f5 10. 0-0 0-0 11. Bb5 Bf6 12. Bf4 Bd7 13. Bxc6 Bxc6 14. Be5 Be7 15. Ne1 a6 16. Nd3 Qe8 17. Re1 g5 18. f3 Nxc3 19. bxc3 Qg6 20. f4 h6 21. Qd2 Kh7 22. Re3 Rg8 23. g3 Qh5 24. Qe2 Qxe2 25. Rxe2 Bb5 26. Re3 Rae8 27. a4 Bc6 28. Nb4 Bxa4 29. Nd3 Bb5 30. Nb4 Kg6 31. Nd3 Kf7 32. Bd6 Bf6 33. Ne5+ Bxe5 34. Bxe5 gxf4 35. Bxf4 h5 36. Kf2 Rg4 37. h3 Rg6 38. h4 Rgg8 39. Ra1 Ke7 40. Rae1 Kd7 41. Ra1 Rg6 42. Rae1 Rgg8 43. Bg5 Rg6 1/2-1/2